Adaptéry na bezdrôtovú sieť (2. časť)

Bibliographic Details
Main Author: Kmeťo, Peter (Author)
Format: Article
Language:Slovak
PhysicalDescription:Obr., tab.
ISSN:1335-0226
Subjects:

MARC

LEADER 00000nab a2200000 a 4500
001 vtls009345116
003 SK-MaSNL
005 20260304152938.0
008 250506c2008 xo |||||||||||000 b|slo
015 |a SNBRB2008/10  |2 snkbucl 
035 |a (uuid)e74823cd-f8a3-4219-9267-6469ec510656 
035 |a urn:nbn:sk:snk-ab13ed 
035 |a (urnnbn)urn:nbn:sk:snk:ar-a05an6 
038 |a SNKBUCL 
040 |a SNKBUCL  |b slo  |c SNKBUCL  |e AACR2 
041 0 |a slo 
044 |a xo  |c SK 
080 |a 004.712:621.396:366.624.4  |2 2001 
080 |a 621.396  |2 2001 
080 |a 366.624.4  |2 2001 
100 1 |a Kmeťo, Peter  |4 aut  |9 789791 
245 1 0 |a Adaptéry na bezdrôtovú sieť  |n (2. časť)  |c Peter Kmeťo 
300 |b Obr., tab. 
650 0 7 |a sieťové adaptéry  |2 snkbucl  |9 1475647 
650 0 7 |a bezdrôtové siete  |2 snkbucl  |9 68302 
650 0 7 |a porovnávacie testy  |2 snkbucl  |9 870299 
773 0 |t PC revue  |g Roč. XVI, č. 5 (2008), s. [105]-106  |x 1335-0226 
850 |a Slovenská národná knižnica 
852 |a Slovenská národná knižnica 
954 |a odborná, vedecká literatúra pôvodná (slovenská)  |2 lita 
958 |a article27 
958 |a OND 
958 |a EUIPO 
999 |c 2951821  |d 2953751